000 00557nam a22002057a 4500
003 UA-OsUOA
001 12099
007 ta
008 20050429b un ||||| |||| 00| 0 ukr d
100 _aМавлевич Наталья
942 _cSA
040 _aUA-OsUOA
_brus
_cUA-OsUOA
_dUA-OsUOA
245 _aПамяти Юлианы Яхниной
300 _aС.256-263
955 _a0
041 _arus
044 _aRU
773 0 _w0
_tИностранная литература
_dМ.
_d2005
_g№2
650 7 _aЛітературознавство
_2UDC
999 _c298260
_d298260